000 00711nam a2200205 a 4500
001 000017132
005 20200929165030.0
008 100318s2008 dr c 000 0 spa d
020 _a9789945420494
040 _aDO-SdBNP
_bspa
_cBNPHU
082 _aRD861.5
_bR459s
100 1 _aReyna, Renania
_937733
245 1 0 _aSueños de mujer al desnudo /
_cRenania Reyna ; presentación Lissette Ramírez.
260 _aSanto Domingo :
_bEditora Nacional
_bÁngeles de Fierro
_bNacional,
_c2008.
300 _a58 p. :
_bretrs. ;
_c21 cm.
500 _aIncluye datos biográficos de la autora.
590 _aInventariado, 2019 / DG
700 1 _aRamírez, Lissette
_937730
910 _aValidado. Control de calidad BNPHU
999 _c16658
_d16658